| 000 | 00569nam a2200217Ia 4500 | ||
|---|---|---|---|
| 003 | GCL | ||
| 008 | 140319s9999 xx 000 0 eng d | ||
| 020 | _a1850381569 | ||
| 040 |
_aGCL / _cGCL |
||
| 082 | 0 | 4 |
_aCH _b823 _bS B |
| 100 | 1 | _aSEWELL, ANNA | |
| 245 | 1 | 0 |
_aBLACK BEAUTY / _cSEWELL, ANNA |
| 260 |
_aانجلترا : _bHOLLAND ENTERPRISES LTD. |
||
| 300 |
_a21 CM ؛ _c184 P |
||
| 490 |
_aSUPER CLASSICS _v0 |
||
| 650 | 0 | 4 | _aENGLISH LITERATURE |
| 650 | 0 | 4 | _aENGLISH FICTION |
| 650 | 0 | 4 | _aCHILDREN - STORIES |
| 650 | 0 | 4 | _aCHILDREN - FICTION |
| 942 |
_2ddc _cBK |
||
| 999 |
_c4812 _d4812 |
||